Learning iCloud Data Management : A Hands-On Guide to Structuring Data for iOS and OS X /

"A great read for iOS developers who want to learn if iCloud is right for their app and dive right in with lots of practical code examples." -Jon Bell, UXLaunchpad.com Get Hands-On Mastery of iCloud Data Management for iOS 7 and OS X Mavericks As apps rapidly move into business and the cl...

Full description

Bibliographic Details
Main Author: Feiler, Jesse (Author)
Corporate Author: Safari, an O'Reilly Media Company
Format: eBook
Language:English
Published: Addison-Wesley Professional, 2014.
Edition:1st edition.
Subjects:
Online Access:Connect to this electronic resource

MARC

Tag First Indicator Second Indicator Subfields
LEADER 00000uam a2200000 a 4500
001 in00004250721
005 20260123230253.2
006 m o d
007 cr cn
008 080513s2014 xx o eng
020 |z 9780133134018 
020 |z 0321889118 
020 |z 9780321889119 
020 |z 0133134016 
035 |a (CaSebORM)9780133134018 
040 |d UtOrBLW 
041 0 |a eng 
100 1 |a Feiler, Jesse,  |e author.  |0 http://id.loc.gov/authorities/names/n95010758 
245 1 0 |a Learning iCloud Data Management :  |b A Hands-On Guide to Structuring Data for iOS and OS X /  |c Feiler, Jesse. 
250 |a 1st edition. 
264 1 |b Addison-Wesley Professional,  |c 2014. 
300 |a 1 online resource (400 pages) 
336 |a text  |b txt  |2 rdacontent 
337 |a computer  |b c  |2 rdamedia 
338 |a online resource  |b cr  |2 rdacarrier 
347 |a text file 
520 |a "A great read for iOS developers who want to learn if iCloud is right for their app and dive right in with lots of practical code examples." -Jon Bell, UXLaunchpad.com Get Hands-On Mastery of iCloud Data Management for iOS 7 and OS X Mavericks As apps rapidly move into business and the cloud, iOS and OS X developers need new data management techniques. In Learning iCloud Data Management, renowned Apple database expert Jesse Feiler shows you how to use Apple's latest APIs and technologies to structure and synchronize all forms of data. Feiler helps you understand the issues, implement efficient solutions, and deliver highly usable apps that seamlessly synchronize during the "Round Trip" between iOS and OS X and back again. This guide walks you through integrating several key Apple data management technologies, including the Address Book and Calendar APIs. Feiler shows you how to structure data so it's easy to build great Cocoa and Cocoa Touch user interfaces and to quickly incorporate reliable iCloud syncing. Step by step, you'll discover how to blend Apple's standard application data structures with your own user data to create a feature-rich and fully syncable environment. Coverage includes Understanding iCloud from the developer's and user's point of view Accessing synchronized user calendars and contacts Integrating Reminders into your apps Playing by iCloud's user privacy rules Applying consistent iOS Settings and OS X Preferences across user devices Managing persistent storage with Core Data Using Xcode Project Workspaces for shared development Adding data to app bundles and resources Integrating iCloud infrastructure, file wrappers, documents, and data Completing the"Round Trip" between both iOS and OS X 
533 |a Electronic reproduction.  |b Boston, MA :  |c Safari,  |n Available via World Wide Web.  |d 2014. 
538 |a Mode of access: World Wide Web. 
542 |f Copyright © 2014 Pearson Education, Inc.  |g 2014 
588 |a Online resource; Title from title page (viewed February 11, 2014) 
500 |a Electronic resource. 
655 7 |a Electronic books.  |2 local 
710 2 |a Safari, an O'Reilly Media Company. 
856 4 0 |u https://proxy.library.tamu.edu/login?url=https://go.oreilly.com/TAMU/library/view/-/9780133134018/?ar  |z Connect to this electronic resource  |t 0 
999 f f |s 7eb209df-00e5-3d8b-b46d-2015706b9b4f  |i 640c84f7-51db-3bb8-b6c9-21d94f764958  |t 0 
952 f f |a Texas A&M University  |b College Station  |c Electronic Resources  |s www_evans  |d Available Online  |t 0  |h No information provided 
998 f f |t 0  |l Available Online